| 000 | 01837cam a2200433 i 4500 | ||
|---|---|---|---|
| 001 | 991061731900606706 | ||
| 003 | ES-BaIT | ||
| 005 | 20260306111320.0 | ||
| 008 | 260306q17581796sp 000 d spa c | ||
| 040 |
_aES-BaIT _bcat _erda _cES-BaIT |
||
| 080 | _a860-2"16" | ||
| 100 | 1 |
_aBances Candamo, Francisco Antonio de, _d1662-1704 _eautor _965674 |
|
| 245 | 1 | 0 | _aEntremes nuevo de el astrologo tunante |
| 246 | 3 | 0 | _aAstrologo tunante |
| 264 | 1 |
_aEn Sevilla : _ben la Imprenta de Nicolàs Vazquez, en calle de Genova, _c[entre 1758 i 1796] |
|
| 300 |
_a8 pàgines sense numerar ; _c8º |
||
| 336 |
_atext _btxt _2rdacontent |
||
| 337 |
_asense mediació _bn _2rdamedia |
||
| 338 |
_avolum _bnc _2rdacarrier |
||
| 500 | _aSignatura: [ ]4 | ||
| 500 | _aDades d'edició obtingudes del colofó | ||
| 500 | _aData d'edició deduïda dels anys d'activitat de l'editor | ||
| 508 | _aObra atribuïda a Candamo, segons Gutiérrez Carbajo | ||
| 510 | 4 |
_aGutiérrez Carbajo. Sobre el teatro clásico españo, _cpàgina 246 |
|
| 530 | _aReproducció digital disponible a Biblioescènic | ||
| 593 |
_bVIT-084/10. _cRelligat en volum factici. _gExemplar digitalitzat per Crossland, 2022. _hArtur Sedó |
||
| 655 | 7 |
_aEntremesos castellans _yS. XVII _2lemac _9107584 |
|
| 700 | 1 |
_aVázquez, Manuel Nicolás, _dactiu 1758-1796 _eimpressor _9162741 |
|
| 730 | 0 |
_aCol·lecció digital Biblioescènic del MAE _969172 |
|
| 752 |
_aEspaña _dSevilla |
||
| 856 | 4 | 1 |
_zAccés lliure (Biblioescènic) _uhttps://books.cdmae.cat/visorpdf/?recurs=SV0084-10 |
| 856 | 4 | 1 |
_zAccés lliure (BVMC) _uhttps://www.cervantesvirtual.com/obra/entremes-nuevo-del-astrologo-tunante/ |
| 902 | _aFons antic | ||
| 902 | _aPatrimoni | ||
| 908 | _aCDMAE | ||
| 940 | _aCDMAE | ||
| 942 |
_2udc _cDIGITAL |
||
| 999 |
_c137210 _d137210 |
||